000 01202njm a22002657a 4500
005 20100909110733.0
007 sd ammalaaahaa
008 100830t xxu||||| |||| 00| 0 hin d
028 _aN. 54921
_bHis Master's Voice
035 _aGR-01460
040 _aSED/VEN
100 _917458
_aMangeshkar, Lata
245 _aLutera bhag 1 /
_h[Sound recording] :
_cby Lata Mangeshkar ; music Laxmikant Pyarelal ; lyric Anand Bakshi
246 _aलुटेरा (लता मंगेशकर)
260 _aDum Dum, India
_bHis Master's Voice
_cn. d.
300 _a1 Sound disc [Gramophone Record] :
_banalog, 33 1/3 rpm
_c10 in (LP)
_fGramophone Records
500 _aBrief record
505 _aSanam rah bhule yahan ate ate, mujhe dekhiye mae koi dastan hun (सनम राह भूले यहाँ आते आते) (मुझे देखिये मै कोई दास्ताँ हूँ) पार्ट. 2
650 _aClassical Music
_91186
_zIndia
_xExcerpts
700 _917459
_aLaxmikant Pyarelal
700 _918822
_aAnand Bakshi
700 _918873
942 _2ddc
_cGR
999 _c44656
_d44656